00508nam a2200157Ia 4500100001800000942000700018654002100025245003300046260003300079082001500112300000800127546001200135999001700147952009300164952009300257 aDrozdek/Adam  cBK adata compression aElements of Data compression bThomsan Learning/Vikasc2002 a0.746bDRO a221 aENGLISH c20142d20142 001040708CRCaCRCEbCRCEd2023-03-17l0o0.746 DROp13292r2023-03-17w2023-03-17yBK 001040708CRCaCRCEbCRCEd2023-03-17l0o0.746 DROp13293r2023-03-17w2023-03-17yBK